Vista normal
Vista MARC
Entrada Personal Name
Número de registros utilizados en: 2
001 - CONTROL NUMBER
- control field: 12196
003 - CONTROL NUMBER IDENTIFIER
- control field: DLC
005 - DATE AND TIME OF LATEST TRANSACTION
- control field: 20220302134417.0
008 - FIXED-LENGTH DATA ELEMENTS
- fixed length control field: 850114n| azannaabn |n aaa
010 ## - LIBRARY OF CONGRESS CONTROL NUMBER
- LC control number: n 84189204
035 ## - SYSTEM CONTROL NUMBER
- System control number: (OCoLC)oca01252499
040 ## - CATALOGING SOURCE
- Original cataloging agency: DLC
- Language of cataloging: spa
- Description conventions: rda
- Transcribing agency: Mx-PuUPA
- Modifying agency: DLC
- Modifying agency: DNGA
- Modifying agency: IEN
- Modifying agency: Mx-PuUPA
046 ## - SPECIAL CODED DATES
- Birth date: 18491209
- Death date: 19271106
100 1# - HEADING--PERSONAL NAME
- Personal name: Meyer, Franz Sales,
- Dates associated with a name: 1849-1927
370 ## - ASSOCIATED PLACE
- Place of birth: Kenzingen (Alemania)
- Place of death: Karlsruhe (Alemania)
- Associated country: Alemania
- Source of term: naf
372 ## - FIELD OF ACTIVITY
- Field of activity: Arquitectura
- Field of activity: Decoración y ornamento
- Field of activity: Pintura
- Source of term: lcsh
374 ## - OCCUPATION
- Occupation: Arquitecto
- Occupation: Pintor
- Occupation: Profesor universitario
375 ## - GENDER
- Gender: hombre
377 ## - ASSOCIATED LANGUAGE
- Language code: ger
670 ## - SOURCE DATA FOUND
- Source citation: Krauth, T. Die Bau- und Kunstarbeiten ... 1982:
- Information found: t.p. (Franz Sales Meyer, Architekt und Professor)
670 ## - SOURCE DATA FOUND
- Source citation: LC data base, 1-3-85
- Information found: (hdg.: Meyer, Franz Sales, 1849- )
670 ## - SOURCE DATA FOUND
- Source citation: Jaennickes Handbuch der Aquarellmalerei, 1923:
- Information found: t.p. (Franz Sales Meyer)
670 ## - SOURCE DATA FOUND
- Source citation: German Wikipedia, Apr. 23, 2015
- Information found: (Franz Sales Meyer; b. Kenzingen im Breisgau, Dec. 9, 1849; d. Karlsruhe, Nov. 6, 1927; German professor of ornament, author, poet and painter)